[Event "Frankfurt-ch"]
[Site "Frankfurt"]
[Date "2007.05.14"]
[Round "3"]
[White "Vogelgesang, Marc"]
[Black "Nitschner, Hendrik"]
[Result "1-0"]
[WhiteElo "1520"]
[BlackElo "1177"]
[PlyCount "109"]
[EventDate "2007.04.30"]
[EventType "swiss"]
[EventRounds "7"]
[EventCountry "GER"]
[SourceTitle "EXT 2008"]
[Source "ChessBase"]
[SourceDate "2007.11.25"]
[SourceVersion "1"]
[SourceVersionDate "2007.11.25"]
[SourceQuality "1"]

1. e4 d5 2. exd5 Nf6 3. d4 Nxd5 4. c4 Nb6 5. Nf3 Nc6 6. Be3 Bg4 7. d5 Ne5 8. Nbd2 c6 9. dxc6 Nxc6 10. Be2 e5 11. 0-0 Be7 12. Qc2 Qc7 13. a3 0-0 14. Bd3 g6 15. h3 Be6 16. Ng5 Bd7 17. Ngf3 Be6 18. Rfe1 Rac8 19. b3 f5 20. Bh6 Rfe8 21. Nh2 Bf6 22. Rad1 Nd4 23. Qc1 Rcd8 24. Bb1 e4 25. Nhf1 Bf7 26. Ne3 Qe5 27. Nc2 Bh4 28. Nxd4 Qxd4 29. Be3 Qf6 30. Nf1 Qc6 31. Bd4 Bf6 32. Qb2 Bxd4 33. Rxd4 Rd7 34. Red1 Red8 35. Ne3 a5 36. Ba2 Qc7 37. Rxd7 Rxd7 38. Rxd7 Qxd7 39. Qc3 a4 40. b4 Nc8 41. Bb1 Na7 42. Bc2 Be8 43. Nd5 Qe6 44. Qf6 Bf7 45. Qxe6 Bxe6 46. Bxa4 b5 47. Bb3 bxc4 48. Bxc4 Kf7 49. a4 Nc6 50. b5 Nb4 51. Nb6 Bxc4 52. Nxc4 Nd5 53. b6 Ne7 54. Ne5+ Ke8 55. b7 1-0

[Event "Frankfurt-ch"]
[Site "Frankfurt"]
[Date "2007.05.07"]
[Round "2"]
[White "Nitschner, Hendrik"]
[Black "Koeroglu, Naim"]
[Result "0-1"]
[WhiteElo "1177"]
[BlackElo "1627"]
[PlyCount "112"]
[EventDate "2007.04.30"]
[EventType "swiss"]
[EventRounds "7"]
[EventCountry "GER"]
[SourceTitle "EXT 2008"]
[Source "ChessBase"]
[SourceDate "2007.11.25"]
[SourceVersion "1"]
[SourceVersionDate "2007.11.25"]
[SourceQuality "1"]

1. e4 c5 2. Nf3 d6 3. c3 Nf6 4. d3 e6 5. Bg5 Be7 6. Nbd2 Nbd7 7. Be2 b6 8. 0-0 0-0 9. Qc2 Ba6 10. Rfe1 h6 11. Bh4 Nh7 12. Bg3 Bb7 13. Nc4 Ndf6 14. e5 Nh5 15. exd6 Nxg3 16. hxg3 Bxd6 17. Nxd6 Qxd6 18. Rad1 Qc7 19. d4 cxd4 20. Rxd4 Rfd8 21. Red1 Rxd4 22. Rxd4 Rd8 23. Rc4 Qe7 24. Bd3 Nf6 25. Ne5 Rd6 26. Qa4 a6 27. Qb4 Qd8 28. Rd4 Rxd4 29. Qxd4 Qxd4 30. cxd4 Nd5 31. a3 Ne7 32. Nd7 b5 33. Nc5 Bc8 34. a4 bxa4 35. Bxa6 Bxa6 36. Nxa6 Nd5 37. Nc5 Nb6 38. Kf1 Kf8 39. Ke2 Ke7 40. Kd3 Kd6 41. Ke4 f5+ 42. Kd3 Kd5 43. f3 g6 44. Ke3 e5 45. Nd3 exd4+ 46. Kd2 Nc4+ 47. Ke2 Ne3 48. Kf2 Kc4 49. Nc1 g5 50. Kg1 Nd1 51. Kf1 Nxb2 52. Ke2 a3 53. Kd2 d3 54. f4 Na4 55. fxg5 hxg5 56. Na2 Nc5 0-1

[Event "Hessen-ch qual-F"]
[Site "Erlensee"]
[Date "2007.04.08"]
[Round "5"]
[White "Nitschner, Hendrik"]
[Black "Schielmann, Marc"]
[Result "1/2-1/2"]
[WhiteElo "1292"]
[BlackElo "1002"]
[PlyCount "53"]
[EventDate "2007.04.06"]
[EventType "swiss"]
[EventRounds "5"]
[EventCountry "GER"]
[SourceTitle "CBM 117 Extra"]
[Source "ChessBase"]
[SourceDate "2007.05.09"]
[SourceVersion "1"]
[SourceVersionDate "2007.05.09"]
[SourceQuality "1"]

1. e4 e5 2. Nf3 Nf6 3. Nc3 Nc6 4. Bb5 a6 5. Ba4 d6 6. 0-0 Be7 7. d3 0-0 8. Bb3 Nd4 9. Nxd4 exd4 10. Nd5 Nxd5 11. Bxd5 Bf6 12. Qf3 c6 13. Bb3 b5 14. Bf4 Be5 15. Rfe1 Qf6 16. Bg3 Qxf3 17. gxf3 Ra7 18. Rac1 c5 19. Bd5 Bb7 20. Bxb7 Rxb7 21. f4 Bf6 22. Re2 Re8 23. Rce1 Bd8 24. e5 Rbe7 25. Kf1 Kf8 26. Bh4 Re6 27. Bg3 1/2-1/2